Loreto College Library, Kolkata
WEBOPAC (ONLINE PUBLIC ACCESS CATALOGUE)

Course in mental ability and quantitative aptitude (Record no. 8036)

MARC details
000 -LEADER
fixed length control field 00675nam a2200217Ia 4500
005 - DATE AND TIME OF LATEST TRANSACTION
control field 20221019114142.0
008 - FIXED-LENGTH DATA ELEMENTS--GENERAL INFORMATION
fixed length control field 131103s9999 xx 000 0 und d
020 ## - ISBN | অাই এস বি এন
ISBN | অাই এস বি এন 74639390
PRICE Rs 165
040 ## - CATALOGING SOURCE
Original cataloging agency Loreto College
041 ## - LANGUAGE CODE
Language code English
082 ## - DDC | ডিউই
Classification number | বর্গসংখ্যা 153.94
Book Number | গ্রন্থাঙ্ক THO
100 ## - MAIN ENTRY--PERSONAL NAME | মুখ্য সংলেখ - ব্যাক্তিনাম
Personal name | ব্যাক্তিনাম Thorpe, Edgar
245 ## - TITLE STATEMENT | অাখ্যা বিবরণী
Title | অাখ্যা Course in mental ability and quantitative aptitude
Sub title | উপঅাখ্যা for competitive examinations
Statement of responsibility | লেখকের দায়িত্বের বিবরণ Edgar Thorpe. Revised by Showick Thorpe, Vandana Thorpe
250 ## - EDITION STATEMENT | সংস্করণ ক্ষেত্র
Edition statement | সংস্করণ 2nd ed
260 ## - IMPRINT | প্রকাশনা ক্ষেত্র
Place of publication | প্রকাশ স্থান New Delhi
Name of publisher | প্রকাশকের নাম Tata McGraw-Hill Publishing Company Limited
Date of publication | প্রকাশ কাল 2000
300 ## - PHYSICAL DESCRIPTION |
Page / Vol. No | পৃষ্ঠা / খন্ড সংখ্যা 435 p
Other physical details | অনান্য বাহ্যিক বিবরণ diagrams
650 ## - SUBJECT ADDED ENTRY--TOPICAL TERM | বিষয় শিরোনাম - মূল বিষয়
Topical term | মূল বিষয় Aptitude Tests
700 ## - ADDED ENTRY--PERSONAL NAME | অতিরিক্ত সংলেখ - ব্
Personal name | ব্যাক্তিনাম Thorpe, Showick
850 ## - HOLDING INSTITUTION
Holding institution LCLIB
942 ## - ADDED ENTRY ELEMENTS (KOHA)
Koha item type Books
Holdings
Withdrawn status Lost status Source of classification Damaged status Not for loan Home library Current library Date acquired Total Checkouts Full call number Accession No. Date last seen Date checked out Price effective from Koha item type Coded location qualifier
    Dewey Decimal Classification     Loreto College Loreto College 04/11/2013 1 153.94 THO 44003 B7908 27/01/2020 27/01/2020 04/11/2013 Books